000 00608nam a2200205 i 4500
001 72921
003 ES-MaACL
005 20250510180014.0
007 t|
008 040903s1971 sp ||||1| spa d
100 1 _aGorkin, Julián.
_959188
245 1 3 _aEl asesinato de Trotsky /
_cJulián Gómez ; [traducción de Ramón Margalef Llambrich].
250 _a1ª ed.
260 _a[Barcelona] :
_bAymá,
_c1971.
300 _a279 p. ;
_c21 cm.
600 1 4 _aTrotsky, Leon,
_d1879-1940
_9240350
700 1 _aMargalef Llambrich, Ramón.
_976609
852 _aES-MaACL
_jC-41951
999 _c72921
_d72921